[Event "ONJK 2017 A"]
[Site "Borne, Netherlands"]
[Date "2017.08.12"]
[Round "9.1"]
[White "Jongste, David"]
[Black "Hilwerda, Jonas"]
[Result "1/2-1/2"]
[WhiteElo "2005"]
[BlackElo "2132"]
[PlyCount "36"]
[EventDate "2017.08.??"]

1. e4 Nf6 2. e5 Nd5 3. d4 d6 4. c4 Nb6 5. Nf3 Bg4 6. exd6 cxd6 7. Be3 g6 8. Be2
Bg7 9. O-O O-O 10. Nbd2 Nc6 11. Rc1 d5 12. c5 Nc8 13. h3 Bxf3 14. Nxf3 e6 15.
Bf4 N8e7 16. Bb5 Nf5 17. Bxc6 bxc6 18. Ne5 Bxe5 1/2-1/2

[Event "ONJK 2017 A"]
[Site "Borne, Netherlands"]
[Date "2017.08.12"]
[Round "9.2"]
[White "De Boer, Eelke"]
[Black "De Waele, Warre"]
[Result "1-0"]
[WhiteElo "2190"]
[BlackElo "2168"]
[PlyCount "54"]
[EventDate "2017.08.??"]

1. e4 e5 2. Nf3 Nc6 3. Bb5 a6 4. Ba4 Nf6 5. O-O Be7 6. d3 b5 7. Bb3 d6 8. a3
O-O 9. Nc3 Nb8 10. h3 c5 11. Nd5 Be6 12. Re1 Nc6 13. c3 Rc8 14. a4 Bxd5 15.
exd5 Nb8 16. axb5 axb5 17. d4 exd4 18. cxd4 c4 19. Bc2 Nxd5 20. Be4 Nf6 21. Bf5
Nbd7 22. Ra7 g6 23. Bxd7 Nxd7 24. Bd2 f6 25. Qe2 Rf7 26. Qe6 Nf8 27. Qd5 Rb8
1-0

[Event "ONJK 2017 A"]
[Site "Borne, Netherlands"]
[Date "2017.08.12"]
[Round "9.3"]
[White "Terhuven, Patrick"]
[Black "Damen, Jip"]
[Result "1-0"]
[WhiteElo "2121"]
[BlackElo "1994"]
[PlyCount "137"]
[EventDate "2017.08.??"]

1. d4 Nf6 2. Nf3 g6 3. c4 Bg7 4. Nc3 O-O 5. e4 d6 6. Be2 e5 7. O-O Nc6 8. d5
Ne7 9. Nd2 Nd7 10. b4 a5 11. bxa5 Rxa5 12. Nb3 Ra8 13. Be3 f5 14. f3 f4 15. Bf2
g5 16. c5 Nxc5 17. Nxc5 dxc5 18. Bxc5 b6 19. Bb4 Rf6 20. d6 cxd6 21. Nd5 Nxd5
22. Qxd5+ Be6 23. Qxd6 Qxd6 24. Bxd6 Rf7 25. Rfb1 Rb7 26. a4 Ra5 27. Bb5 Bf8
28. Bxe5 Bc5+ 29. Kf1 Kf7 30. g3 fxg3 31. hxg3 Bd7 32. f4 Bh3+ 33. Ke2 Bg4+ 34.
Kd3 Ra8 35. Bc4+ Be6 36. Bxe6+ Kxe6 37. Rh1 Rd7+ 38. Kc4 Bf8 39. Kb5 Rda7 40.
Bc3 h6 41. f5+ Kf7 42. e5 Rc7 43. e6+ Ke8 44. Bb4 Bxb4 45. Kxb4 Rac8 46. Rhf1
Rc4+ 47. Kb5 R4c5+ 48. Ka6 R8c6 49. Rad1 b5+ 50. Ka5 bxa4+ 51. Kxa4 Rc4+ 52.
Kb3 Rc3+ 53. Kb2 Rc2+ 54. Kb1 Re2 55. Rd3 Rb6+ 56. Kc1 Ra6 57. Kd1 Rg2 58. Rc3
Ra1+ 59. Rc1 Rxc1+ 60. Kxc1 Rxg3 61. f6 Re3 62. f7+ Kf8 63. Rf6 h5 64. Rg6 Ke7
65. Rg8 Rf3 66. Re8+ Kd6 67. f8=Q+ Rxf8 68. Rxf8 Kxe6 69. Kd2 1-0

[Event "ONJK 2017 A"]
[Site "Borne, Netherlands"]
[Date "2017.08.12"]
[Round "9.4"]
[White "Korten, Lando"]
[Black "Ortmeier, Leonard"]
[Result "1/2-1/2"]
[WhiteElo "2119"]
[BlackElo "1956"]
[PlyCount "33"]
[EventDate "2017.08.??"]

1. d4 Nf6 2. c4 e6 3. Nc3 Bb4 4. e3 d5 5. cxd5 exd5 6. Nge2 O-O 7. a3 Bd6 8.
Nf4 c6 9. Be2 Bf5 10. O-O Nbd7 11. f3 Re8 12. g4 Bg6 13. Rf2 Nf8 14. Rg2 N6d7
15. Qf1 b5 16. Bd2 a5 17. Rc1 1/2-1/2

[Event "ONJK 2017 A"]
[Site "Borne, Netherlands"]
[Date "2017.08.12"]
[Round "9.5"]
[White "Wensing, Maximilian"]
[Black "Holtel, Jasper"]
[Result "1-0"]
[WhiteElo "1956"]
[BlackElo "2244"]
[PlyCount "75"]
[EventDate "2017.08.??"]

1. Nf3 c5 2. e4 d6 3. d4 cxd4 4. Nxd4 Nf6 5. Nc3 e5 6. Nde2 Be6 7. g3 Be7 8.
Bg2 O-O 9. O-O Nbd7 10. h3 Nb6 11. f4 exf4 12. Nxf4 Nc4 13. b3 Ne5 14. Ncd5
Bxd5 15. Nxd5 Nxd5 16. Qxd5 Qc7 17. Ba3 Rad8 18. c4 h5 19. Rad1 a6 20. Bb2 g6
21. Rd2 Bg5 22. Re2 Rfe8 23. Kh1 Rd7 24. h4 Bh6 25. Bh3 Rdd8 26. Ref2 Re7 27.
Rd1 Qc6 28. Re2 Qxd5 29. Rxd5 Ng4 30. Bxg4 hxg4 31. Bf6 Bf8 32. e5 Rde8 33.
Bxe7 Rxe7 34. Rxd6 Bg7 35. e6 fxe6 36. Rdxe6 Rd7 37. Rxg6 Kf7 38. Rxg4 1-0

[Event "ONJK 2017 A"]
[Site "Borne, Netherlands"]
[Date "2017.08.12"]
[Round "9.6"]
[White "Maerevoet, Sim"]
[Black "Boudry, William"]
[Result "1-0"]
[WhiteElo "2085"]
[BlackElo "1965"]
[PlyCount "95"]
[EventDate "2017.08.??"]

1. d4 d6 2. Nf3 Bg4 3. g3 Bxf3 4. exf3 c6 5. Bg2 g6 6. O-O Bg7 7. Re1 Nf6 8.
Nd2 O-O 9. Nc4 Nbd7 10. b3 c5 11. Bb2 d5 12. Ne5 cxd4 13. f4 e6 14. Bxd4 Rc8
15. c4 dxc4 16. Nxc4 Qc7 17. Rc1 Rfd8 18. Ne5 Qxc1 19. Qxc1 Rxc1 20. Rxc1 Nd5
21. Bxd5 Nxe5 22. fxe5 Rxd5 23. Rc8+ Bf8 24. Bxa7 Kg7 25. Be3 b5 26. a4 bxa4
27. bxa4 Bb4 28. Rc4 Ba5 29. Kg2 f6 30. exf6+ Kxf6 31. Kf3 h5 32. Ke4 g5 33.
Bd4+ Kf7 34. Rc5 Rxc5 35. Bxc5 h4 36. g4 h3 37. Bd6 Bb6 38. Kf3 Kf6 39. Kg3 e5
40. Bb4 e4 41. a5 Bc7+ 42. Kxh3 Ke5 43. Bd2 e3 44. fxe3 Ke4 45. a6 Bb6 46. Kg2
Kd3 47. Ba5 Bxe3 48. Bd8 1-0

[Event "ONJK 2017 A"]
[Site "Borne, Netherlands"]
[Date "2017.08.11"]
[Round "7"]
[White "Wensing, Maximilian"]
[Black "Bekedam, Tyro"]
[Result "1-0"]
[WhiteElo "1956"]
[BlackElo "2042"]
[PlyCount "73"]
[EventDate "2017.08.??"]

1. e4 e6 2. d4 d5 3. exd5 exd5 4. Nf3 Bd6 5. Bd3 Nc6 6. c3 Bg4 7. O-O Qd7 8.
Nbd2 O-O-O 9. a4 Nge7 10. b4 f6 11. a5 g5 12. b5 Nb8 13. Qc2 Rdg8 14. Ba3 Ng6
15. c4 Nh4 16. Ne1 Nf5 17. Nb3 dxc4 18. Qxc4 Rg6 19. b6 axb6 20. axb6 Rh6 21.
g3 c6 22. d5 Bh3 23. dxc6 bxc6 24. Bxf5 Bxf5 25. Bxd6 Qxd6 26. Ra7 Be6 27. Qc3
Bd5 28. Nc5 Re8 29. Rc7+ Qxc7 30. bxc7 Kxc7 31. Qa5+ Kd6 32. Nb7+ Kd7 33. Nd3
g4 34. Ndc5+ Ke7 35. Re1+ Kf8 36. Rxe8+ Kxe8 37. Qd8+ 1-0

[Event "ONJK 2017 A"]
[Site "Borne, Netherlands"]
[Date "2017.08.11"]
[Round "7"]
[White "Carpentier, Jannes"]
[Black "Damen, Jip"]
[Result "0-1"]
[WhiteElo "1896"]
[BlackElo "1994"]
[PlyCount "104"]
[EventDate "2017.08.??"]

1. b3 Nf6 2. Bb2 d5 3. e3 Bf5 4. f4 e6 5. Nf3 h6 6. Be2 Bd6 7. O-O Nbd7 8. Ne5
Bh7 9. d3 c6 10. Nd2 Qb6 11. Rf3 Qc7 12. Nxd7 Qxd7 13. Rg3 Rg8 14. Nf3 Qc7 15.
c4 dxc4 16. bxc4 O-O-O 17. Ne5 Ne4 18. dxe4 Bxe5 19. Qc2 Bxb2 20. Qxb2 g5 21.
fxg5 Bxe4 22. Rf1 Rxg5 23. Rxg5 hxg5 24. Qf6 Rd2 25. Re1 g4 26. Qg5 f5 27. Qg8+
Qd8 28. Qxe6+ Qd7 29. Qe5 Rxa2 30. Qc3 Rd2 31. Qa5 b6 32. Qa3 c5 33. Qc3 Rd6
34. Qe5 Qe6 35. Qf4 Kb7 36. Bf1 Bc6 37. Ra1 Rd7 38. Ra2 Qe4 39. Qg5 Re7 40. Re2
a5 41. Qf6 Qe5 42. Qg5 a4 43. Kf2 Rh7 44. h4 gxh3 45. gxh3 Rg7 46. Qh4 Qh2+ 47.
Ke1 Qg3+ 48. Qxg3 Rxg3 49. Kf2 Rf3+ 50. Kg1 a3 51. Kh2 Rxf1 52. Ra2 Rc1 0-1

[Event "ONJK 2017 A"]
[Site "Borne, Netherlands"]
[Date "2017.08.11"]
[Round "7"]
[White "Stemmler, Fabian"]
[Black "Godde, Matthias"]
[Result "0-1"]
[WhiteElo "1989"]
[BlackElo "1956"]
[PlyCount "92"]
[EventDate "2017.08.??"]

1. d4 Nf6 2. Bf4 g6 3. Nc3 Bg7 4. Nf3 d5 5. Qd2 h6 6. h4 a6 7. e3 Bf5 8. Ne5 h5
9. f3 Nbd7 10. Ne2 e6 11. Ng3 c5 12. Nxf5 exf5 13. c3 c4 14. Be2 Nf8 15. b3 b5
16. Kf2 Rc8 17. a4 Ne6 18. axb5 axb5 19. Ra7 O-O 20. Rha1 Nxf4 21. exf4 Ne8 22.
g3 Rc7 23. Ra8 Qe7 24. R1a6 Nd6 25. Nc6 Qd7 26. Rxf8+ Kxf8 27. Nb4 Qe6 28. bxc4
dxc4 29. Qa2 Kg8 30. Qa5 Re7 31. Qa2 Qe3+ 32. Kf1 Qc1+ 33. Kf2 Qxc3 34. Rxd6
Qxb4 35. Qa8+ Kh7 36. Qd8 Rxe2+ 37. Kxe2 Qb2+ 38. Ke3 Qc3+ 39. Ke2 Qd3+ 40. Kf2
c3 41. Qc7 c2 42. Rc6 Bxd4+ 43. Kg2 Qe2+ 44. Kh3 Qf1+ 45. Kh2 Qg1+ 46. Kh3 Qh1#
0-1

[Event "ONJK 2017 A"]
[Site "Borne, Netherlands"]
[Date "2017.08.11"]
[Round "7"]
[White "Van Roon, Sjoerd"]
[Black "Knudsen, Simon"]
[Result "0-1"]
[WhiteElo "1894"]
[BlackElo "1964"]
[PlyCount "80"]
[EventDate "2017.08.??"]

1. e4 c5 2. Nf3 d6 3. d4 cxd4 4. Nxd4 Nf6 5. Nc3 a6 6. Bg5 e6 7. Qe2 Qa5 8. f4
Qb4 9. O-O-O Nc6 10. Nb3 h6 11. Bxf6 gxf6 12. f5 h5 13. fxe6 fxe6 14. Qf2 Na5
15. Qxf6 Rh6 16. Qf2 Nxb3+ 17. cxb3 Bg7 18. Be2 Bd7 19. Qg3 Bf8 20. Bxh5+ Kd8
21. Bf3 Rc8 22. Kb1 Rh8 23. Rhe1 Be7 24. e5 d5 25. Bxd5 exd5 26. Nxd5 Qg4 27.
Nb6 Qf5+ 28. Ka1 Bh4 29. Qg7 Rh7 30. Qg8+ Kc7 31. Na8+ Kb8 32. Qd5 Kxa8 33. g3
Bc6 34. Qa5 Be7 35. b4 Rxh2 36. Re3 Qc2 37. Rb1 Be4 38. Ree1 Qc4 39. b5 Bxb1
40. Rxb1 Qxb5 0-1

[Event "ONJK 2017 A"]
[Site "Borne, Netherlands"]
[Date "2017.08.11"]
[Round "7"]
[White "Moerman, Thomas"]
[Black "Ortmeier, Leonard"]
[Result "0-1"]
[WhiteElo "1900"]
[BlackElo "1956"]
[PlyCount "130"]
[EventDate "2017.08.??"]

1. d4 Nf6 2. c4 e6 3. Nc3 Bb4 4. f3 c5 5. d5 d6 6. e4 b5 7. a3 Bxc3+ 8. bxc3
O-O 9. Qc2 bxc4 10. Bxc4 exd5 11. Bxd5 Nxd5 12. exd5 Re8+ 13. Ne2 Ba6 14. c4
Qh4+ 15. Kd1 Bxc4 16. Nf4 Bxd5 17. Nxd5 Qd4+ 18. Qd2 Qxa1 19. Nc7 Nc6 20. Nxa8
Rxa8 21. Re1 Nd4 22. Qf4 Qb1 23. Re7 Qb3+ 24. Ke1 Qd5 25. Bb2 Rb8 26. Bxd4 cxd4
27. Qe4 Qa5+ 28. Kf2 Qd2+ 29. Qe2 Qxe2+ 30. Kxe2 Kf8 31. Rxa7 Rb2+ 32. Kf1 Ke8
33. h4 Ra2 34. Ra4 Ke7 35. Rxd4 Rxa3 36. Kf2 g6 37. Kg3 Ra5 38. Kg4 Ke6 39. Kf4
Rc5 40. Re4+ Re5 41. Rd4 h6 42. g4 g5+ 43. hxg5 hxg5+ 44. Kg3 Re2 45. Rd3 Ke5
46. Rb3 Rc2 47. Re3+ Kf6 48. Rd3 Rc6 49. Rd5 Kg6 50. Kf2 f6 51. Ke3 Kf7 52. Rd3
Ke6 53. Ke4 Rc4+ 54. Ke3 Ke5 55. Rb3 d5 56. Rd3 d4+ 57. Ke2 Rc2+ 58. Ke1 Kd5
59. Ra3 Kc4 60. Ra6 Kd3 61. Rxf6 Ke3 62. Kd1 Rf2 63. Rf5 Rf1+ 64. Kc2 d3+ 65.
Kb2 d2 0-1

[Event "ONJK 2017 A"]
[Site "Borne, Netherlands"]
[Date "2017.08.11"]
[Round "7"]
[White "Teschler, Ansgar"]
[Black "De Bock, Thijs"]
[Result "1-0"]
[WhiteElo "1791"]
[BlackElo "1951"]
[PlyCount "85"]
[EventDate "2017.08.??"]

1. d4 Nf6 2. c4 g6 3. Nc3 Bg7 4. e4 d6 5. f3 O-O 6. Be3 c5 7. Nge2 Nc6 8. d5
Ne5 9. Ng3 e6 10. Be2 exd5 11. cxd5 a6 12. a4 h5 13. O-O h4 14. Nh1 Nh7 15. f4
Bh6 16. Nf2 f5 17. Qd2 Ng4 18. Nxg4 fxg4 19. Rae1 g3 20. h3 g5 21. Bc4 g4 22.
e5 gxh3 23. e6 h2+ {Diagram #} 24. Kh1 Qc7 25. f5 Bxe3 26. Qxe3 Qg7 27. Rf4 b6
28. Bd3 h3 29. gxh3 Nf6 30. Kg2 Bb7 31. Be4 b5 {Notation unclear...} 32. Rb1
bxa4 33. Rh4 Rab8 34. Qxg3 Qxg3+ 35. Kxg3 Nxe4+ 36. Rxe4 Rxf5 37. Kxh2 Rf2+ 38.
Kh1 Kg7 39. Rg1+ Kf6 40. Reg4 Rxb2 41. Rf1+ Ke7 42. Rf7+ Ke8 43. Rg8# 1-0

[Event "ONJK 2017 A"]
[Site "Borne, Netherlands"]
[Date "2017.08.11"]
[Round "7"]
[White "Van Doren, Bas"]
[Black "Langie, Jeroen"]
[Result "1-0"]
[WhiteElo "1748"]
[BlackElo "1432"]
[PlyCount "67"]
[EventDate "2017.08.??"]

1. e4 c6 2. d4 d5 3. Nc3 dxe4 4. Nxe4 Bf5 5. Ng3 Bg6 6. h4 h6 7. Nf3 e6 8. Ne5
Bh7 9. Bd3 Qxd4 10. Nxf7 Kxf7 11. Bg6+ Bxg6 12. Qxd4 Bxc2 13. O-O Nf6 14. Qc4
Bh7 15. Qb3 b6 16. f4 Bc5+ 17. Be3 Nbd7 18. f5 Bxe3+ 19. Qxe3 exf5 20. Nxf5
Bxf5 21. Rxf5 Rhe8 22. Qd4 Nc5 23. Raf1 Re6 24. b4 Nce4 25. Qd7+ Re7 26. Qxc6
Rae8 27. R5f4 Re6 28. Qd5 Nc3 29. Qh5+ Kg8 30. Rxf6 gxf6 31. Qg6+ Kh8 32. Qxh6+
Kg8 33. Qg6+ Kh8 34. Rf5 1-0

[Event "ONJK 2017 A"]
[Site "Borne, Netherlands"]
[Date "2017.08.11"]
[Round "7"]
[White "Koning, Femke"]
[Black "Dubbeldam, Lydia"]
[Result "0-1"]
[WhiteElo "1456"]
[BlackElo "1735"]
[PlyCount "80"]
[EventDate "2017.08.??"]

1. e4 e6 2. d4 d5 3. e5 c5 4. c3 Nc6 5. Be3 Qb6 6. Qd2 cxd4 7. cxd4 Nge7 8. Nf3
Nf5 9. Be2 Be7 10. O-O O-O 11. Nc3 Bd7 12. a3 Na5 13. Rab1 Nb3 14. Qd3 Rac8 15.
Bd1 Na5 16. b4 Nc4 17. Ne2 Qa6 18. Rb3 Bb5 19. Nc3 Ncxe3 20. Qxb5 Qxb5 21. Nxb5
Nxf1 22. Kxf1 a6 23. Nc3 Rc7 24. Ne2 Rfc8 25. Rb1 f6 26. exf6 Bxf6 27. Bb3 Nd6
28. Nf4 Kf7 29. Re1 Rc1 30. Rxc1 Rxc1+ 31. Ke2 Rc3 32. Ba4 b5 33. Bd1 Rxa3 34.
Nd3 Nc4 35. Nc5 a5 36. bxa5 Nxa5 37. g3 Ke7 38. h4 Rc3 39. Kd2 Bxd4 40. Nxd4
Rxc5 0-1

[Event "ONJK 2017 A"]
[Site "Borne, Netherlands"]
[Date "2017.08.11"]
[Round "7"]
[White "Bosma, Jan"]
[Black "Weber, Jannis"]
[Result "1/2-1/2"]
[WhiteElo "1673"]
[BlackElo "1878"]
[PlyCount "101"]
[EventDate "2017.08.??"]

1. c4 Nf6 2. g3 g6 3. Bg2 Bg7 4. Nc3 c6 5. e4 e5 6. Nge2 d6 7. O-O Be6 8. Qa4
Nbd7 9. d3 O-O 10. h3 d5 11. Qb4 dxc4 12. dxc4 Qb6 13. Qxb6 axb6 14. b3 b5 15.
cxb5 Bxb3 16. Be3 Bc4 17. a4 Ra5 18. Rfb1 Rfa8 19. bxc6 bxc6 20. Nc1 Nc5 21.
Rb4 Be6 22. f3 Bf8 23. Rb6 Rc8 24. Bf1 Nfd7 25. Rb2 Rca8 26. Rc2 Nb6 27. Kh2 f5
28. Nd3 Nb3 29. Rb1 Nc4 30. Re1 Nxe3 31. Rxe3 Nd4 32. Rb2 Bh6 33. f4 Bc4 34.
Kg2 exf4 35. Nxf4 Bxf1+ 36. Kxf1 g5 37. Rd3 gxf4 38. Rxd4 Rc5 39. Rd3 Bg7 40.
Rb3 Bxc3 41. Rdxc3 Rxc3 42. Rxc3 Rxa4 43. exf5 fxg3 44. Rxc6 Ra2 45. Rc7 Rh2
46. f6 h5 47. Rg7+ Kf8 48. Rxg3 Kf7 49. Rf3 Ra2 50. Rf5 Rh2 51. Rf3 1/2-1/2

[Event "ONJK 2017 A"]
[Site "Borne, Netherlands"]
[Date "2017.08.11"]
[Round "7"]
[White "De Boer, Sipke"]
[Black "Schuttevaer, Tim"]
[Result "0-1"]
[WhiteElo "1331"]
[BlackElo "1628"]
[PlyCount "57"]
[EventDate "2017.08.??"]

1. d4 c6 2. c4 d5 3. Nc3 Nf6 4. Nf3 Bg4 5. Bg5 e6 6. e3 Nbd7 7. Be2 Bxf3 8.
gxf3 dxc4 9. Bxc4 Qc7 10. Qc2 b5 11. Bd3 b4 12. Ne4 b3 13. Qxb3 Nxe4 14. Bxe4
Qa5+ 15. Ke2 Qxg5 16. Bxc6 Rd8 17. Qa4 Qf5 18. Rac1 a5 19. Bxd7+ Rxd7 20. Rc7
Qd5 21. Rxd7 Qxd7 22. Qxa5 Be7 23. b4 O-O 24. b5 Qd5 25. a4 Qc4+ 26. Kd1 Qb3+
27. Ke2 Qc4+ 28. Kd1 Bb4 29. Qa6 0-1

[Event "ONJK 2017 A"]
[Site "Borne, Netherlands"]
[Date "2017.08.11"]
[Round "7"]
[White "De Jong, Eliza"]
[Black "Hofstra, Tijmen"]
[Result "0-1"]
[WhiteElo "1610"]
[BlackElo "1551"]
[PlyCount "94"]
[EventDate "2017.08.??"]

1. e4 c5 2. Nf3 e6 3. d4 cxd4 4. Nxd4 Bc5 5. Nb3 Bb6 6. Nc3 Ne7 7. Bd3 O-O 8.
Qh5 f5 9. Bg5 Qe8 10. Qh4 fxe4 11. Nxe4 Nf5 12. Qg4 Qg6 13. f3 h6 14. Bd2 Qxg4
15. fxg4 Ne3 16. Bxe3 Bxe3 17. Ke2 Bf4 18. g3 Be5 19. c3 d5 20. Nec5 b6 21. Ne4
dxe4 22. Bxe4 Ba6+ 23. Ke3 Nd7 24. Bxa8 Rxa8 25. Nd4 Re8 26. Nc6 Bb7 27. Nxe5
Nxe5 28. Rhd1 Nxg4+ 29. Ke2 Nxh2 30. Rd7 Ba6+ 31. Kf2 Ng4+ 32. Kg1 Ra8 33. Re1
Nf6 34. Rc7 Ne8 35. Re7 Kf8 36. R1xe6 Bc4 37. Re4 Bd5 38. R4e5 Nf6 39. a3 Bf7
40. Rb7 a6 41. Re2 Rd8 42. Rxb6 Rd1+ 43. Kf2 Bd5 44. Ke3 Ng4+ 45. Kf4 Rf1+ 46.
Kxg4 Bf3+ 47. Kh3 Bxe2 {... [64]} 0-1

[Event "ONJK 2017 A"]
[Site "Borne, Netherlands"]
[Date "2017.08.11"]
[Round "7"]
[White "Berghuis, Thomas"]
[Black "Weidema, Luuk"]
[Result "0-1"]
[WhiteElo "1427"]
[BlackElo "1412"]
[PlyCount "84"]
[EventDate "2017.08.??"]

1. e4 e6 2. d4 d5 3. e5 c5 4. c3 Nc6 5. Bb5 Bd7 6. Nf3 Qb6 7. Bxc6 Bxc6 8. O-O
cxd4 9. cxd4 Ne7 10. Nc3 Nf5 11. Na4 Qa5 12. b3 Bb5 13. Bd2 Bb4 14. Bxb4 Qxb4
15. a3 Qa5 16. Re1 Bxa4 17. bxa4 O-O 18. Rb1 Qa6 19. Qb3 b6 20. Rec1 Rac8 21.
Qb5 Qxb5 22. axb5 h6 23. Rc6 Rxc6 24. bxc6 Rc8 25. Rc1 Rc7 26. Kf1 Ne7 27. Ke2
Kf8 28. Nd2 Rxc6 29. Rxc6 Nxc6 30. Ke3 Ke7 31. g4 Na5 32. f4 Nc4+ 33. Nxc4 dxc4
34. f5 b5 35. Kd2 g6 36. f6+ Kd7 37. Kc3 Kc6 38. a4 bxa4 39. Kxc4 a3 40. d5+
exd5+ 41. Kb3 Kd7 42. Kxa3 Ke6 0-1

[Event "ONJK 2017 A"]
[Site "Borne, Netherlands"]
[Date "2017.08.11"]
[Round "7"]
[White "Lansink, Jelmer"]
[Black "Boekhoudt, Nicolien"]
[Result "0-1"]
[WhiteElo "1144"]
[BlackElo "1274"]
[PlyCount "128"]
[EventDate "2017.08.??"]

1. e4 c5 2. Nf3 d6 3. d4 cxd4 4. Nxd4 Nf6 5. Nc3 g6 6. Bc4 Bg7 7. Bb3 O-O 8.
O-O Nc6 9. Be3 Bd7 10. Qd2 Rc8 11. Rfe1 a6 12. Nxc6 Bxc6 13. Bh6 b5 14. Bxg7
Kxg7 15. Qd4 e5 16. Qd3 b4 17. Nd5 Nxd5 18. Bxd5 Bxd5 19. exd5 a5 20. c4 bxc3
21. bxc3 Rc5 22. Re2 Qc7 23. Rc1 Rc8 24. Rec2 Rc4 25. Kf1 Qc5 26. f3 Rf4 27.
Ke2 f5 28. c4 e4 29. Qc3+ Kf7 30. fxe4 Rxe4+ 31. Kd2 Rd4+ (31... Qf2+ 32. Kd1
Qf1+ 33. Kd2 Qe2#) 32. Ke1 Re8+ 33. Re2 Rde4 34. Rxe4 Rxe4+ 35. Kf1 Rf4+ 36.
Ke2 Qf2+ 37. Kd3 Qxg2 38. Rc2 Qe4+ (38... Rf3+ 39. Kd4 Qg4#) 39. Kd2 Rf2+ 40.
Kc1 Qf4+ 41. Kb1 Qxh2 42. Rxf2 Qxf2 43. Qxa5 Qf1+ 44. Kb2 Qxc4 45. a4 f4 46.
Qb5 Qxb5+ 47. axb5 f3 48. b6 f2 49. b7 f1=Q 50. b8=Q Qe2+ 51. Kc1 Qc4+ 52. Kb2
Qxd5 53. Qc7+ Kf6 54. Qd8+ Ke5 55. Qg5+ Kd4 56. Qd2+ Ke5 57. Qg5+ Ke6 58. Qg4+
Qf5 59. Qc4+ d5 60. Qc6+ Kf7 61. Qc7+ Kg8 62. Qd8+ Kg7 63. Qe7+ Qf7 64. Qe5+
Qf6 0-1

[Event "ONJK 2017 A"]
[Site "Borne, Netherlands"]
[Date "2017.08.11"]
[Round "8"]
[White "Knudsen, Simon"]
[Black "Van Malder, Dries"]
[Result "0-1"]
[WhiteElo "1964"]
[BlackElo "1916"]
[PlyCount "52"]
[EventDate "2017.08.??"]

1. e4 c5 2. Nf3 d6 3. d4 cxd4 4. Nxd4 Nf6 5. Nc3 Nc6 6. Bg5 e6 7. Qd2 a6 8.
O-O-O Bd7 9. f4 b5 10. Nxc6 Bxc6 11. e5 dxe5 12. Qxd8+ Rxd8 13. Rxd8+ Kxd8 14.
fxe5 h6 15. Bh4 g5 16. exf6 gxh4 17. Be2 Kc7 18. Bf3 Rg8 19. Bh5 h3 20. Bxf7
hxg2 21. Rg1 Bc5 22. Bxg8 Bxg1 23. Ne2 Be3+ 24. Kb1 Bf3 25. f7 Bxe2 26. f8=Q
g1=Q+ 0-1

[Event "ONJK 2017 A"]
[Site "Borne, Netherlands"]
[Date "2017.08.11"]
[Round "8"]
[White "Ortmeier, Leonard"]
[Black "Teschler, Ansgar"]
[Result "1-0"]
[WhiteElo "1956"]
[BlackElo "1791"]
[PlyCount "99"]
[EventDate "2017.08.??"]

1. e4 c5 2. Nf3 d6 3. d4 cxd4 4. Nxd4 Nf6 5. f3 g6 6. c4 Bg7 7. Nc3 O-O 8. Be3
Nc6 9. Qd2 a6 10. Be2 Nxd4 11. Bxd4 Be6 12. O-O Qa5 13. Rfd1 Rfc8 14. b3 Rab8
15. a4 Nd7 16. Bxg7 Kxg7 17. Rab1 Qb4 18. Qd4+ Kg8 19. Na2 Qc5 20. Nc3 Qxd4+
21. Rxd4 Ne5 22. Kf2 Kg7 23. Rd2 h5 24. Ke3 Rc7 25. Nd5 Bxd5 26. exd5 Kf6 27.
Rdd1 a5 28. g3 Rh8 29. Bd3 h4 30. g4 g5 31. h3 Ng6 32. Bxg6 Kxg6 33. Kd4 b6 34.
Re1 Re8 35. Re4 e5+ 36. dxe6 fxe6 37. b4 Rf7 38. bxa5 bxa5 39. Rb3 Kf6 40. Rb6
Rd8 41. Ra6 Rc7 42. Rxa5 Rdc8 43. Kd3 e5 44. Kc3 Rb8 45. Rb5 Ra8 46. Kb4 Rc5
47. Re3 Ke6 48. Ra3 Rac8 49. Rxc5 dxc5+ 50. Kb5 1-0

[Event "ONJK 2017 A"]
[Site "Borne, Netherlands"]
[Date "2017.08.11"]
[Round "8"]
[White "Pauwels, Xander"]
[Black "Van Roon, Sjoerd"]
[Result "1/2-1/2"]
[WhiteElo "2099"]
[BlackElo "1894"]
[PlyCount "31"]
[EventDate "2017.08.??"]

1. d4 d5 2. c4 c6 3. Nf3 Nf6 4. g3 g6 5. Bg2 Bg7 6. O-O O-O 7. b3 Bg4 8. Ne5
Bf5 9. Nc3 Nbd7 10. f4 Qb6 11. e3 e6 12. Nxd7 Nxd7 13. g4 Be4 14. Nxe4 dxe4 15.
Bxe4 Rfd8 16. Rb1 {... notatie onleesbaar [56]} 1/2-1/2

[Event "ONJK 2017 A"]
[Site "Borne, Netherlands"]
[Date "2017.08.11"]
[Round "8"]
[White "Bekedam, Tyro"]
[Black "Carpentier, Jannes"]
[Result "1-0"]
[WhiteElo "2042"]
[BlackElo "1896"]
[PlyCount "69"]
[EventDate "2017.08.??"]

1. e4 b6 2. d4 Bb7 3. Nc3 e6 4. Be3 Bb4 5. Bd3 f5 6. f3 fxe4 7. fxe4 Nf6 8. Bg5
h6 9. Bxf6 Qxf6 10. Nf3 Nc6 11. e5 Qf7 12. O-O O-O-O 13. Ng5 Qe7 14. Nf7 Nxd4
15. Nxh8 Rxh8 16. Ne4 Nf5 17. Qe2 Qh4 18. Ba6 Bxa6 19. Qxa6+ Kb8 20. Qd3 g5 21.
c3 Be7 22. a4 g4 23. a5 Bg5 24. Kh1 Be3 25. axb6 Bxb6 26. c4 d6 27. exd6 cxd6
28. Nxd6 Nxd6 29. Qxd6+ Bc7 30. Qb4+ Kc8 31. g3 Bxg3 32. Qd2 Bb8 33. Rf7 Rd8
34. Qg2 Bc7 35. Qa8+ 1-0

[Event "ONJK 2017 A"]
[Site "Borne, Netherlands"]
[Date "2017.08.11"]
[Round "8"]
[White "Dubbeldam, Lydia"]
[Black "Stemmler, Fabian"]
[Result "0-1"]
[WhiteElo "1735"]
[BlackElo "1989"]
[PlyCount "108"]
[EventDate "2017.08.??"]

1. e4 e5 2. Nf3 Nc6 3. d4 exd4 4. Nxd4 Nf6 5. Nxc6 bxc6 6. e5 Qe7 7. Qe2 Nd5 8.
c4 Nb6 9. b3 g6 10. Bb2 Bg7 11. Nd2 O-O 12. Nf3 Re8 13. g3 d6 14. Bg2 dxe5 15.
Nd2 Bb7 16. O-O f5 17. Rac1 Rad8 18. Rfe1 Nd7 19. Qe3 Qc5 20. Qe2 e4 21. Bxg7
Kxg7 22. Qe3 Qxe3 23. Rxe3 Ne5 24. Nb1 Nd3 25. Rc3 Nb4 26. Re1 Nxa2 27. Rce3
Nb4 28. Na3 Rd2 29. R3e2 Rxe2 30. Rxe2 Rd8 31. Nc2 Nxc2 32. Rxc2 Rd1+ 33. Bf1
Rb1 34. Ra2 Rxb3 35. Rxa7 Rb1 36. c5 Kf6 37. Kg2 Rb2 38. Kg1 h6 39. Ba6 Bxa6
40. Rxa6 Kg5 41. h3 h5 42. Rxc6 h4 43. gxh4+ Kxh4 44. Rxg6 Kxh3 45. Rg3+ Kh4
46. Rg7 c6 47. Rg6 f4 48. Re6 Kh3 49. Kf1 Kg4 50. Rxe4 Kf3 51. Re6 Rc2 52. Ke1
Rxc5 53. Re2 Rc1+ 54. Kd2 Rc2+ 0-1

[Event "ONJK 2017 A"]
[Site "Borne, Netherlands"]
[Date "2017.08.11"]
[Round "8"]
[White "Ramacker, Quinten"]
[Black "Moerman, Thomas"]
[Result "1/2-1/2"]
[WhiteElo "1981"]
[BlackElo "1900"]
[PlyCount "32"]
[EventDate "2017.08.??"]

1. e3 Nf6 2. b3 e5 3. Bb2 d6 4. Ne2 Be7 5. d4 exd4 6. Nxd4 Nc6 7. Bb5 Bd7 8.
O-O O-O 9. Qe2 Nxd4 10. Bxd4 a6 11. Bd3 Bg4 12. f3 Be6 13. Nd2 Nd5 14. c4 Nb4
15. Bb1 Nc6 16. Bb2 Bf6 1/2-1/2

[Event "ONJK 2017 A"]
[Site "Borne, Netherlands"]
[Date "2017.08.11"]
[Round "8"]
[White "Dauw, Sterre"]
[Black "Van Doren, Bas"]
[Result "1/2-1/2"]
[WhiteElo "1958"]
[BlackElo "1748"]
[PlyCount "50"]
[EventDate "2017.08.??"]

1. e4 c5 2. Nf3 e6 3. d4 cxd4 4. Nxd4 a6 5. Nc3 b5 6. Bd3 Bb7 7. O-O Nf6 8. e5
Nd5 9. Nxd5 Bxd5 10. b3 d6 11. exd6 Bxd6 12. c4 Bb7 13. Bb2 Qh4 14. g3 Qh3 15.
Nf3 h5 16. Re1 h4 17. Bf1 Qg4 18. Nd4 hxg3 19. fxg3 Qxd1 20. Raxd1 Bxg3 21.
hxg3 Rh1+ 22. Kf2 Rh2+ 23. Kg1 Rh1+ 24. Kf2 Rh2+ 25. Kg1 Rh1+ 1/2-1/2

[Event "ONJK 2017 A"]
[Site "Borne, Netherlands"]
[Date "2017.08.11"]
[Round "8"]
[White "De Bock, Thijs"]
[Black "Kanbier, Max"]
[Result "1/2-1/2"]
[WhiteElo "1951"]
[BlackElo "1849"]
[PlyCount "38"]
[EventDate "2017.08.??"]

1. e4 d6 2. d4 Nf6 3. Nc3 Nbd7 4. f4 e5 5. Nf3 exd4 6. Qxd4 c6 7. e5 Qe7 8. Be2
Ng4 9. Ne4 dxe5 10. fxe5 Ngxe5 11. Bf4 Nxf3+ 12. gxf3 Qb4+ 13. Qxb4 Bxb4+ 14.
c3 Be7 15. Nd6+ Bxd6 16. Bxd6 Nf6 17. O-O-O Be6 18. Rhg1 Rg8 19. Be5 Ke7
1/2-1/2